Farm Animals - Statistics

General Stats
  • This quiz has been taken 122 times
  • The average score is 19 of 27
Answer Stats
Picture Answer % Correct
Cat
97%
Camel
96%
Cow
96%
Dog
96%
Duck
95%
Elephant
95%
Goat
92%
Horse
89%
Pig
89%
Goose
88%
Sheep
80%
Pigeon
79%
Donkey
76%
Frog
76%
Hen
76%
Rabbit
76%
Buffalo
74%
Guinea Pig
74%
Mouse
74%
Turkey
74%
Alpaca
63%
Honey Bee
58%
Llama
43%
Yak
36%
Silkworm
13%
Rhea
12%
Zebu
10%
No matching quizzes found
Score Distribution
Percent of People with Each Score
Percentile by Number Answered
Your Score History
You have not taken this quiz